Bàn về chế độ trách nhiệm trong công tác quản lý xí nghiệp

Gồm một số bài của Ăng-ghen và Lê-nin bàn về chế độ trách nhiệm cá nhân và tập thể lãnh đạo trong công tác quản lý xí nghiệp xã hội chủ nghĩa, đặc biệt là trong công tác quản lý nền đại công nghiệp cơ khí....

Description complète

Enregistré dans:
Détails bibliographiques
Auteur principal: Engels, Friedrich
Format: Livre
Langue:Undetermined
Publié: Hà Nội Sự thật 1970
Sujets:
Tags: Ajouter un tag
Pas de tags, Soyez le premier à ajouter un tag!
Thư viện lưu trữ: Trung tâm Học liệu Trường Đại học Cần Thơ
LEADER 00954nam a2200205Ia 4500
001 CTU_224070
008 210402s9999 xx 000 0 und d
082 |a 658.02 
082 |b E57 
100 |a Engels, Friedrich 
245 0 |a Bàn về chế độ trách nhiệm trong công tác quản lý xí nghiệp 
245 0 |c F. Ăng-ghen, V. Lê-nin 
260 |a Hà Nội 
260 |b Sự thật 
260 |c 1970 
520 |a Gồm một số bài của Ăng-ghen và Lê-nin bàn về chế độ trách nhiệm cá nhân và tập thể lãnh đạo trong công tác quản lý xí nghiệp xã hội chủ nghĩa, đặc biệt là trong công tác quản lý nền đại công nghiệp cơ khí. 
650 |a Quản lý công nghiệp,Industrial management 
904 |i Giang 
910 |b dqhieu 
980 |a Trung tâm Học liệu Trường Đại học Cần Thơ